000 00592nam a2200205Ii 4500
001 16594
003 CO-ViMGA
008 241108s9999||||xx |||||||||||||| ||und||
040 _aCO-ViMGA
_bspa
_erda
_cCO-ViMGA
041 0 _aspa
082 0 4 _aR 574.52632 R49p
100 1 _aDavid. Rivera Ospina
_946039
245 1 0 _aPáramos de Colombia
264 1 _aBogotá, Colombia : Banco de Occidente, 2001
300 _avolumen
336 _atext
_btxt
_2rdacontent
337 _aunmediated
_bn
_2rdamedia
338 _avolume
_bnc
_2rdacarrier
940 _aidficha_siabuc: 16263. -- ficha_no_siabuc:16594
999 _c40580
_d40580